000 00613nam a2200229 a 4500
999 _c53963
_d53960
003 PK-NaQUE
005 20251003100648.0
008 251003b ||||| |||| 00| 0 eng d
020 _a0582988594 (paperback)
020 _a9780582988590 (paperback)
040 _cQUEST
082 _a624.1834NEV
100 1 _aNeville, A.M.
245 1 0 _aConcrete Technology /
260 _aNew Delhi:
_bPearson Education,
_c2011.
300 _a456p. ;
650 _aConcrete
650 _aCement
700 1 _aBrooks, J.J.
856 4 0 _uhttp://10.10.170.122:8080/browse/book/22882
_yDownload eBook
942 _cBK
_2ddc